[Event "Ship Yuzhnaya Palmyra"]
[Site "?"]
[Date "2006.08.30"]
[Round "6"]
[White "Vaganian Rafael A"]
[Black "Ivanchuk Vassily"]
[Result "1/2-1/2"]
[WhiteElo "2598"]
[BlackElo "2734"]
[PlyCount "81"]
[EventDate "2006.??.??"]
[Source "www.chesslib.no"]
[SourceDate "2004.05.04"]

1. Nf3 Nf6 2. c4 g6 3. g3 Bg7 4. Bg2 O-O 5. O-O d6 6. Nc3 e5 7. d3 c6 8. Rb1 a5 9. b3 Re8 10. Ba3 Na6 11. Qd2 h6 12. Ne4 Nxe4 13. dxe4 Nc5 14. Ne1 Qc7 15. Rd1 Bf8 16. Nd3 b6 17. f4 Bb7 18. f5 Rad8 19. Qe3 Bc8 20. Bc1 Qe7 21. g4 Qf6 22. Nxc5 dxc5 23. Qg3 g5 24. h4 Rxd1 25. Rxd1 Rd8 26. Rd3 gxh4 27. g5 Rxd3 28. exd3 Qxf5 29. Qxh4 Qg4 30. Qxg4 Bxg4 31. gxh6 f6 32. Kf2 Kh7 33. Bf3 Bd7 34. Kg3 Bxh6 35. Bxh6 Kxh6 36. Bg4 Bxg4 37. Kxg4 Kg6 38. a4 f5+ 39. exf5+ Kf6 40. Kg3 Kxf5 41. Kf3 1/2-1/2

[Event "Madrid"]
[Site "?"]
[Date "1993.??.??"]
[Round "?"]
[White "Kramnik, Vladimir"]
[Black "Polgar, Judit"]
[Result "1-0"]
[WhiteElo "2685"]
[BlackElo "2595"]
[PlyCount "91"]
[EventDate "1993.??.??"]
[Source "ChessBase"]
[SourceDate "1993.06.01"]

1. Nf3 Nf6 2. c4 g6 3. Nc3 Bg7 4. g3 O-O 5. Bg2 d6 6. O-O e5 7. d3 c6 8. Rb1 Re8 9. e4 d5 10. cxd5 cxd5 11. Bg5 dxe4 12. dxe4 Nc6 13. Qxd8 Rxd8 14. Nd5 Rd6 15. Nd2 Nxd5 16. exd5 Nd4 17. Nc4 Ra6 18. d6 Rxa2 19. Ra1 Rxa1 20. Rxa1 Be6 21. Na5 Rc8 22. Nxb7 Rc2 23. Rxa7 h6 24. Be3 Rxb2 25. h3 Rb6 26. Kh2 g5 27. Ra8+ Kh7 28. Re8 Kg6 29. Be4+ Kf6 30. g4 Ra6 31. Bd3 Rc6 32. Be4 Rc8 33. Rxc8 Bxc8 34. Nc5 Be6 35. Bd2 Nb3 36. Nxb3 Bxb3 37. d7 Ke7 38. Bc6 Bf6 39. Ba5 Kd6 40. Bb5 Bc2 41. d8=Q+ Bxd8 42. Bxd8 f5 43. gxf5 Bxf5 44. Bf6 Ke6 45. Bg7 h5 46. Bc4+ 1-0

[Event "III Arrows Cup"]
[Site "Ji Nan"]
[Date "2003.09.19"]
[Round "3"]
[White "Ye Jiangchuan"]
[Black "Xie Jun"]
[Result "1-0"]
[WhiteElo "2683"]
[BlackElo "2569"]
[PlyCount "87"]
[EventDate "2003.09.17"]
[Source "Roberto Alvarez"]
[SourceDate "2003.09.22"]

1. c4 g6 2. Nc3 Bg7 3. g3 e5 4. Bg2 Nf6 5. Nf3 d6 6. d4 exd4 7. Nxd4 Nbd7 8. O-O O-O 9. h3 Re8 10. Re1 Rb8 11. e4 Ne5 12. b3 Bd7 13. Be3 a6 14. a4 h5 15. f4 Nc6 16. Qd2 Qc8 17. Kh2 h4 18. gxh4 Nh5 19. Nde2 Qd8 20. Bf2 Bf6 21. Rf1 Bxh4 22. Nd5 Bxf2 23. Rxf2 Ne7 24. Ne3 Kh7 25. Bf3 Ng8 26. Bxh5 Qh4 27. Ng3 Qxh3+ 28. Kg1 Qxg3+ 29. Rg2 Qh4 30. Rh2 Qg3+ 31. Rg2 Qh4 32. Bg4 Bxg4 33. Nxg4 Kg7 34. e5 dxe5 35. f5 Nf6 36. Nxf6 Qxf6 37. Rf1 Rbd8 38. Qe3 Qh4 39. f6+ Kg8 40. Qf3 Qd4+ 41. Kh1 Qh4+ 42. Rh2 e4 43. Qg2 Qxh2+ 44. Qxh2 1-0

[Event "Koop Tjuchem"]
[Site "Groningen"]
[Date "1996.??.??"]
[Round "5"]
[White "Akopian, Vladimir"]
[Black "Van Wely, Loek"]
[Result "1/2-1/2"]
[WhiteElo "2630"]
[BlackElo "2605"]
[PlyCount "50"]
[EventDate "1996.12.20"]
[Source "ChessBase"]
[SourceDate "1997.04.10"]

1. c4 g6 2. Nc3 Bg7 3. g3 Nf6 4. Bg2 O-O 5. Nf3 d6 6. O-O e5 7. d3 Re8 8. Rb1 a5 9. a3 c6 10. b4 axb4 11. axb4 d5 12. Bg5 h6 13. Bxf6 Bxf6 14. cxd5 cxd5 15. e4 dxe4 16. dxe4 Be6 17. Qc1 Bg7 18. Rd1 Qb6 19. Nd5 Bxd5 20. Rxd5 Nc6 21. Qc5 Qxc5 22. bxc5 Re7 23. Bh3 Ra4 24. Rd7 Rxd7 25. Bxd7 Rb4 1/2-1/2

[Event "Batumi"]
[Site "?"]
[Date "1999.??.??"]
[Round "?"]
[White "Onischuk, Al"]
[Black "Ilincic, Z."]
[Result "0-1"]
[WhiteElo "2655"]
[BlackElo "2575"]
[PlyCount "116"]
[EventDate "1999.??.??"]
[Source "Chess Informant"]
[SourceDate "1999.10.01"]

1. c4 Nf6 2. Nc3 g6 3. e4 d6 4. g3 Bg7 5. Bg2 O-O 6. Nge2 e5 7. O-O Be6 8. d3 Qd7 9. Nd5 c6 10. Nxf6+ Bxf6 11. f4 Bg7 12. Be3 Na6 13. Qd2 Nc7 14. Rac1 c5 15. b4 cxb4 16. Qxb4 Na6 17. Qa3 Rfd8 18. Rb1 Bg4 19. Rf2 Bxe2 20. Rxe2 Nb8 21. Reb2 exf4 22. gxf4 Bxb2 23. Qxb2 Nc6 24. Bd2 h6 25. Bc3 Kh7 26. Bf6 Re8 27. Qxb7 Qe6 28. Bb2 Ne7 29. Qb4 Rab8 30. Qc3 f6 31. Re1 Rf8 32. Qd2 Qg4 33. Bc3 g5 34. f5 Nc6 35. Qe3 Rb6 36. c5 dxc5 37. Qxc5 Rf7 38. d4 Kg7 39. Rf1 Qe2 40. Kh1 Rfb7 41. Be1 Nb4 42. Bxb4 Rxb4 43. e5 Rb1 44. exf6+ Kh7 45. Kg1 Qe3+ 46. Kh1 Qf2 47. Qc4 Qxf5 48. Qa6 Rxf1+ 49. Bxf1 Qe4+ 50. Kg1 Qxd4+ 51. Kh1 Qe4+ 52. Kg1 Qe3+ 53. Kh1 Rb1 54. f7 Qf3+ 55. Kg1 Qxf1+ 56. Qxf1 Rxf1+ 57. Kxf1 Kg7 58. Kg2 h5 0-1

[Event "Groningen"]
[Site "?"]
[Date "1993.??.??"]
[Round "?"]
[White "Hodgson, Ju"]
[Black "Akopian, V."]
[Result "1-0"]
[WhiteElo "2625"]
[BlackElo "2600"]
[PlyCount "111"]
[EventDate "1993.??.??"]
[Source "ChessBase"]
[SourceDate "1993.10.01"]

1. c4 e5 2. Nc3 Nf6 3. g3 g6 4. d4 exd4 5. Qxd4 Nc6 6. Qe3+ Qe7 7. Bg2 d6 8. Nd5 Nxd5 9. cxd5 Qxe3 10. Bxe3 Nb4 11. Rc1 Bg7 12. a3 Na6 13. b4 Bf5 14. b5 Nc5 15. Bxc5 dxc5 16. e4 Bd7 17. Rxc5 Kd8 18. f4 a6 19. Nf3 axb5 20. Ng5 Be8 21. e5 Bf8 22. Rc2 Bxa3 23. O-O b4 24. Rb1 Ra5 25. d6 cxd6 26. exd6 h6 27. Bh3 f5 28. Ne6+ Kd7 29. Nc5+ Rxc5 30. Rxc5 Kxd6 31. Rc8 b3 32. Bg2 b2 33. Rd1+ Ke6 34. Bd5+ Kf6 35. Rc7 Rf8 36. Rxb7 Bf7 37. Kg2 g5 38. Rd3 Bxd5+ 39. Rxd5 gxf4 40. Ra5 Bd6 41. Ra6 Ke6 42. gxf4 Kd5 43. Rb5+ Kc4 44. Rxb2 Bxf4 45. Kf3 Bg5 46. Rd6 Re8 47. Rc2+ Kb3 48. Rc7 Re3+ 49. Kf2 Rc3 50. Rdc6 Be3+ 51. Ke2 Rxc6 52. Rxc6 Bg5 53. Rc5 Kb4 54. Rxf5 Kc4 55. Kf3 Bc1 56. Ke4 1-0

[Event "Antwerp op"]
[Site "Antwerp"]
[Date "1996.??.??"]
[Round "9"]
[White "Gurevich, Mikhail"]
[Black "Van Wely, Loek"]
[Result "1/2-1/2"]
[WhiteElo "2605"]
[BlackElo "2605"]
[PlyCount "80"]
[EventDate "1996.07.??"]
[Source "www.chesslib.no"]
[SourceDate "2004.05.04"]

1. c4 g6 2. Nc3 Bg7 3. g3 d6 4. Bg2 e5 5. d3 Nf6 6. Nf3 O-O 7. O-O Re8 8. Bg5 h6 9. Bxf6 Bxf6 10. Rb1 a5 11. a3 c6 12. Nd2 Bg7 13. Qc2 Be6 14. b4 axb4 15. axb4 Nd7 16. b5 Qc7 17. Rfc1 Nc5 18. Nb3 Nxb3 19. Qxb3 Rec8 20. Qd1 Ra3 21. Ne4 f5 22. Nd2 Bf7 23. bxc6 bxc6 24. Rc2 Rca8 25. Rcb2 R8a7 26. Rb6 d5 27. Qc1 e4 28. cxd5 cxd5 29. Rc6 Qd7 30. dxe4 dxe4 31. Nf1 Ra2 32. e3 h5 33. Rc2 Qd3 34. Rxa2 Bxa2 35. Rb7 Rxb7 36. Qc8+ Kh7 37. Qxb7 Qd1 38. Qe7 Bc4 39. h4 Be2 40. Qc7 Qb1 1/2-1/2

[Event "Monarch Assurance"]
[Site "Isle of Man"]
[Date "2007.09.30"]
[Round "9.7"]
[White "Iordachescu, Viorel"]
[Black "Kotronias, Vasilios"]
[Result "1-0"]
[WhiteElo "2584"]
[BlackElo "2602"]
[PlyCount "119"]
[EventDate "2007.09.22"]
[Source "www.chesslib.no"]
[SourceDate "2004.05.04"]

1. c4 g6 2. Nc3 Bg7 3. Nf3 Nf6 4. g3 O-O 5. Bg2 d6 6. O-O e5 7. d3 h6 8. Rb1 a5 9. a3 Re8 10. e4 Na6 11. b4 c6 12. Re1 axb4 13. axb4 Nc7 14. Bb2 Nd7 15. Ra1 Rxa1 16. Qxa1 Ne6 17. Qa3 f5 18. Ne2 Qf6 19. exf5 gxf5 20. Nd2 Qf8 21. b5 cxb5 22. cxb5 Ndc5 23. b6 Bd7 24. Ra1 Bb5 25. Nc4 f4 26. Bd5 Kh8 27. Nc3 Bxc4 28. dxc4 Nd4 29. Ne4 Nc2 30. Qc3 Nxa1 31. Bxa1 Ra8 32. Nxc5 dxc5 33. Bb2 Ra6 34. Bxb7 Rxb6 35. Be4 Qb8 36. Ba3 Rb3 37. Qa5 f3 38. h3 Bf8 39. Bxc5 Rb1+ 40. Kh2 Bxc5 41. Qxc5 Rb2 42. Bxf3 Rb6 43. Qe7 Qd6 44. Qe8+ Kg7 45. Bd5 Qf8 46. Qxe5+ Rf6 47. Qd4 Qe7 48. Kg2 Qc7 49. h4 Qb8 50. Qg4+ Kh8 51. c5 Qf8 52. Qd4 Qg7 53. c6 Rf8 54. Qc5 Re8 55. Qd6 Rc8 56. Qe6 Qf8 57. Qe5+ Qg7 58. Qd6 Re8 59. c7 h5 60. Bb7 1-0

[Event "CRO-chT"]
[Site "Medulin"]
[Date "1997.??.??"]
[Round "?"]
[White "Gavrikov, Viktor"]
[Black "Tukmakov, Vladimir B"]
[Result "1/2-1/2"]
[WhiteElo "2590"]
[BlackElo "2585"]
[PlyCount "59"]
[EventDate "1997.??.??"]
[Source "www.chesslib.no"]
[SourceDate "2004.05.04"]

1. c4 e5 2. Nc3 Nf6 3. e3 d6 4. Nge2 g6 5. g3 Bg7 6. Bg2 O-O 7. O-O c6 8. e4 Be6 9. b3 d5 10. exd5 cxd5 11. d4 exd4 12. Nxd4 Bg4 13. f3 Bc8 14. cxd5 Nxd5 15. Nxd5 Qxd5 16. Be3 Nc6 17. Nxc6 Qxc6 18. Rc1 Qa6 19. Qd2 Be6 20. Rfd1 Rac8 21. Bc5 Rfe8 22. Bf1 b5 23. a4 Rxc5 24. Rxc5 Qb6 25. Qf2 Bxb3 26. a5 Qxa5 27. Rxb5 Qa4 28. Rd6 Bc4 29. Bxc4 Qxc4 30. Rc5 1/2-1/2

[Event "Open"]
[Site "Philadelphia open"]
[Date "1994.??.??"]
[Round "8"]
[White "Akopian, Vladimir E"]
[Black "Van Wely, Loek"]
[Result "1/2-1/2"]
[WhiteElo "2605"]
[BlackElo "2570"]
[PlyCount "33"]
[EventDate "1994.??.??"]
[Source "www.chesslib.no"]
[SourceDate "2004.05.04"]

1. c4 g6 2. Nc3 Bg7 3. g3 Nf6 4. Bg2 O-O 5. Nf3 d6 6. O-O e5 7. d3 h6 8. Rb1 a5 9. a3 Re8 10. Nd2 c6 11. b4 axb4 12. axb4 d5 13. b5 Be6 14. bxc6 bxc6 15. Bb2 Na6 16. cxd5 cxd5 17. Ba1 1/2-1/2

[Event "Mind Sports Games - Blitz Team"]
[Site "Pechino CINA"]
[Date "2008.10.13"]
[Round "8"]
[White "Gurevich, M1."]
[Black "Paragua, M."]
[Result "0-1"]
[WhiteElo "2634"]
[BlackElo "2526"]
[PlyCount "156"]
[EventDate "2008.10.13"]
[Source "www.chesslib.no"]
[SourceDate "2004.05.04"]

1. c4 g6 2. Nc3 Bg7 3. g3 e5 4. Bg2 d6 5. d3 Nf6 6. e3 O-O 7. Nge2 c6 8. e4 a6 9. O-O b5 10. h3 Bb7 11. Be3 Nbd7 12. b4 Nb6 13. a4 bxc4 14. a5 cxd3 15. Qxd3 Nc8 16. Rfd1 Qe7 17. Na4 Rd8 18. Nb6 Nxb6 19. Bxb6 Rd7 20. Nc3 Qe6 21. Na4 h5 22. Be3 Rad8 23. Rac1 Bf8 24. Bb6 Re8 25. Be3 Rdd8 26. Bb6 Rd7 27. Be3 h4 28. g4 Red8 29. Nb6 Re7 30. Bg5 Ree8 31. Bxh4 Be7 32. Re1 d5 33. exd5 Nxd5 34. Nxd5 Bxh4 35. b5 cxd5 36. Rc7 Re7 37. Rec1 e4 38. Qb3 Qf6 39. Qa2 e3 40. fxe3 Qe5 41. Rxe7 Bxe7 42. Qd2 axb5 43. Qd4 Qxd4 44. exd4 Bf6 45. Rc7 Bxd4+ 46. Kf1 Ba6 47. Rc6 Ra8 48. Bxd5 Bb7 49. Rd6 Bxd5 50. Rxd5 Bc3 51. Rxb5 Bxa5 52. h4 Kg7 53. Kg2 Bd8 54. h5 g5 55. Rd5 Bf6 56. Kf3 Ra3+ 57. Kg2 Ra4 58. Kf3 Rf4+ 59. Kg3 Be7 60. Kh3 Re4 61. Kg3 f6 62. Rd7 Kf7 63. Kf3 Rf4+ 64. Kg3 Ke6 65. h6 Rf1 66. Kg2 Ra1 67. Rd3 Ra8 68. h7 Rh8 69. Rh3 Kf7 70. Kf3 Kg6 71. Ke4 Rxh7 72. Rd3 Rh4 73. Rd7 Rxg4+ 74. Kf3 Rf4+ 75. Kg3 Bf8 76. Rb7 Rc4 77. Rd7 Rc3+ 78. Kg4 f5# 0-1

[Event "Saint-Vincent 87/10"]
[Site "?"]
[Date "2003.??.??"]
[Round "?"]
[White "Gurevich, M."]
[Black "Arizmendi Martinez, J."]
[Result "1-0"]
[WhiteElo "2634"]
[BlackElo "2520"]
[PlyCount "78"]
[EventDate "2003.??.??"]
[Source "Chess Informant"]
[SourceDate "2003.02.01"]

1. c4 Nf6 2. Nc3 g6 3. g3 Bg7 4. Bg2 O-O 5. d3 d6 6. e3 e5 7. Nge2 c6 8. e4 a6 9. O-O b5 10. h3 Be6 11. b3 Nbd7 12. Be3 Ne8 13. cxb5 axb5 14. d4 exd4 15. Nxd4 Ra6 16. Rc1 b4 17. Na4 c5 18. Nxe6 fxe6 19. f4 Nc7 20. Qe2 Nb6 21. Nxb6 Rxb6 22. Rfd1 Nb5 23. Qc4 Bd4 24. Qxe6+ Kh8 25. Bxd4+ Nxd4 26. Qc4 g5 27. Rxd4 cxd4 28. Qxd4+ Kg8 29. Qd5+ Rf7 30. Bf1 Kg7 31. Bc4 Rbb7 32. fxg5 Qb6+ 33. Kh1 Qe3 34. Rg1 Rbe7 35. Rg2 Rf8 36. Kh2 Qxe4 37. Qxd6 Kh8 38. h4 Qe1 39. Bd3 Qe3 1-0

[Event "Indonesia"]
[Site "Indonesia"]
[Date "1983.??.??"]
[Round "8"]
[White "Andersson, Ulf"]
[Black "Lobron, Eric"]
[Result "1/2-1/2"]
[WhiteElo "2640"]
[BlackElo "2480"]
[PlyCount "106"]
[EventDate "1983.11.??"]
[Source "ChessBase"]

1. Nf3 Nf6 2. c4 g6 3. g3 Bg7 4. Bg2 O-O 5. O-O d6 6. Nc3 e5 7. d3 Re8 8. Rb1 c6 9. e4 a6 10. d4 Nbd7 11. dxe5 dxe5 12. b4 Qc7 13. Qc2 Nf8 14. Bb2 Bg4 15. c5 Bxf3 16. Bxf3 Ne6 17. Na4 Rad8 18. Bg2 a5 19. a3 axb4 20. axb4 h5 21. Nb6 Nd4 22. Qd3 Nb5 23. Qe3 Nd7 24. Nc4 Nf8 25. Rfd1 Ne6 26. Rxd8 Rxd8 27. Bf1 Kh7 28. h4 f6 29. Kg2 Bh6 30. Qf3 Qe7 31. Rd1 Nbd4 32. Qd3 Nb5 33. Qb1 Ned4 34. Na5 Rd7 35. Nc4 Qe6 36. Nb6 Rg7 37. Bc4 Qg4 38. Qd3 Ne6 39. Bxe6 Qxe6 40. Qc4 Qe8 41. Qb3 Re7 42. Rd3 Qg8 43. Qxg8+ Kxg8 44. Kf3 Kf7 45. Ke2 Re8 46. Kd1 Bf8 47. Kc2 Be7 48. Rd7 Rb8 49. Bc1 Ke6 50. Be3 f5 51. exf5+ gxf5 52. Kb3 Bf6 53. Rh7 Rh8 1/2-1/2

[Event "ch-UKR"]
[Site "Simferopol"]
[Date "2003.11.10"]
[Round "7"]
[White "Miroshnichenko, Evgenij"]
[Black "Efimenko, Zahar"]
[Result "1-0"]
[WhiteElo "2571"]
[BlackElo "2547"]
[PlyCount "77"]
[EventDate "2003.11.04"]
[Source "Roberto Alvarez"]
[SourceDate "2003.12.22"]

1. Nf3 Nf6 2. c4 g6 3. Nc3 Bg7 4. g3 O-O 5. Bg2 d6 6. O-O e5 7. d3 a5 8. Rb1 Na6 9. a3 h6 10. b4 axb4 11. axb4 c6 12. b5 Nc7 13. bxc6 bxc6 14. c5 Nfd5 15. Ne4 dxc5 16. Qc2 Ne6 17. Bb2 Nd4 18. Nxd4 cxd4 19. Qxc6 Ra5 20. Ra1 Ne7 21. Qc2 Rxa1 22. Rxa1 Be6 23. Ba3 Qd7 24. Qc5 Re8 25. Rb1 Nf5 26. Qa5 Qc8 27. Nc5 Bf8 28. Nxe6 Rxe6 29. Bxf8 Qxf8 30. Rb5 Qg7 31. Bd5 Re8 32. Rb7 Ne7 33. Bc4 Qf6 34. Qc5 Kf8 35. Rb5 e4 36. Rb6 Qg5 37. Qxd4 exd3 38. Rf6 Nd5 39. Bxd5 1-0

[Event "BL 0607 OSC Baden Baden - SF Berlin"]
[Site "Germania"]
[Date "2007.03.18"]
[Round "13.4"]
[White "Harikrishna, Pentala"]
[Black "Poldauf, Dirk"]
[Result "1-0"]
[WhiteElo "2674"]
[BlackElo "2433"]
[PlyCount "75"]
[EventDate "2006.10.28"]
[Source "www.chesslib.no"]
[SourceDate "2004.05.04"]

1. c4 Nf6 2. Nc3 g6 3. g3 Bg7 4. Bg2 O-O 5. e4 d6 6. Nge2 e5 7. O-O Nbd7 8. d3 c6 9. h3 Nc5 10. Be3 Qe7 11. Qd2 Nfd7 12. f4 Ne6 13. f5 Nd4 14. g4 a5 15. Ng3 Nc5 16. Rf2 f6 17. h4 Bd7 18. Raf1 Rf7 19. Nce2 Nxe2+ 20. Nxe2 Be8 21. Ng3 Bd7 22. g5 Raf8 23. Bh3 Qd8 24. Kh2 Bc8 25. Rg2 Kh8 26. Qe2 fxg5 27. hxg5 Kg8 28. Rgf2 Bh8 29. Rh1 b5 30. cxb5 cxb5 31. Kg1 b4 32. Rfh2 Bg7 33. Bg4 Re8 34. Rxh7 gxf5 35. exf5 Bb7 36. R1h3 e4 37. d4 Nd3 38. Qh2 1-0

[Event "Bundesliga 9798"]
[Site "Germany"]
[Date "1998.??.??"]
[Round "?.1"]
[White "Schlosser, Philipp"]
[Black "Movsesian, Sergei"]
[Result "1-0"]
[WhiteElo "2550"]
[BlackElo "2555"]
[PlyCount "93"]
[EventDate "1997.10.??"]
[Source "ChessBase"]
[SourceDate "1999.07.01"]

1. c4 Nf6 2. Nc3 g6 3. g3 Bg7 4. Bg2 O-O 5. e4 e5 6. Nge2 d6 7. d3 Nh5 8. O-O f5 9. exf5 gxf5 10. f4 c6 11. Kh1 Be6 12. Be3 Nd7 13. Qd2 Nhf6 14. b3 h5 15. fxe5 Nxe5 16. Nd4 Qd7 17. Rae1 Rae8 18. Nxe6 Rxe6 19. Bxa7 h4 20. gxh4 Ng6 21. Rxe6 Qxe6 22. Bd4 Nxh4 23. Bh3 Ng4 24. Bxg7 Kxg7 25. Qg5+ Ng6 26. Bxg4 fxg4 27. Rxf8 Kxf8 28. Ne4 Kg7 29. Kg2 d5 30. cxd5 cxd5 31. Nf2 Qe2 32. Qxg4 Qxg4+ 33. Nxg4 Nf4+ 34. Kf3 Nxd3 35. a3 Ne1+ 36. Kf4 d4 37. Nf2 d3 38. a4 d2 39. Ke3 Kf6 40. Ne4+ Ke5 41. Nxd2 Ng2+ 42. Kf3 Ne1+ 43. Kg4 Nd3 44. h4 Kd4 45. Kf5 Kc3 46. Ne4+ Kxb3 47. h5 1-0

[Event "Banja Luka"]
[Site "Banja Luka"]
[Date "1976.??.??"]
[Round "7"]
[White "Andersson, Ulf"]
[Black "Lombardy, William James"]
[Result "1/2-1/2"]
[WhiteElo "2585"]
[BlackElo "2520"]
[PlyCount "21"]
[EventDate "1976.12.??"]
[Source "ChessBase"]

1. Nf3 d6 2. g3 g6 3. Bg2 Bg7 4. O-O Nf6 5. c4 O-O 6. Nc3 e5 7. d3 Re8 8. Rb1 c6 9. e4 a6 10. h4 h6 11. d4 1/2-1/2

[Event "Brussels zt"]
[Site "Brussels"]
[Date "1993.??.??"]
[Round "10"]
[White "Renet, Olivier"]
[Black "Van Wely, Loek"]
[Result "0-1"]
[WhiteElo "2535"]
[BlackElo "2560"]
[PlyCount "68"]
[EventDate "1993.04.??"]
[Source "ChessBase"]

1. Nf3 Nf6 2. g3 g6 3. Bg2 Bg7 4. O-O O-O 5. c4 d6 6. Nc3 e5 7. d3 h6 8. Rb1 a5 9. a3 Re8 10. Nd2 c6 11. b4 axb4 12. axb4 d5 13. Qc2 Be6 14. e4 d4 15. Nd1 b5 16. f4 Ra4 17. Nf3 exf4 18. gxf4 Na6 19. Bd2 Ng4 20. Nb2 Nxb4 21. Qd1 Nxd3 22. Nxa4 bxa4 23. Qxa4 Ne3 24. Qxc6 Nxf4 25. Bxe3 dxe3 26. Rfd1 Qa8 27. Qxa8 Rxa8 28. c5 Ra2 29. Rd8+ Kh7 30. Ne1 Bf6 31. Re8 Bc3 32. Bf3 Rf2 33. c6 Nh3+ 34. Kh1 Rf1+ 0-1

[Event "IX op"]
[Site "Creon"]
[Date "2004.08.07"]
[Round "8"]
[White "Malakhatko, Vadim"]
[Black "Nevednichy, Vladislav"]
[Result "1/2-1/2"]
[WhiteElo "2555"]
[BlackElo "2538"]
[PlyCount "129"]
[EventDate "2004.08.02"]
[Source "Roberto Alvarez"]
[SourceDate "2004.08.24"]

1. c4 g6 2. g3 Bg7 3. Bg2 e5 4. Nc3 d6 5. e3 Nf6 6. Nge2 O-O 7. O-O c6 8. b4 Be6 9. d3 d5 10. cxd5 Nxd5 11. Rb1 Qe7 12. a3 Rd8 13. Qc2 Na6 14. Bb2 Rd7 15. Rbd1 Nb6 16. Nc1 Rc8 17. Qb1 Rcd8 18. Rde1 c5 19. b5 Nc7 20. a4 Ncd5 21. Nxd5 Bxd5 22. Bxd5 Nxd5 23. Ba3 Qe6 24. Bxc5 b6 25. Ba3 h5 26. Ne2 h4 27. d4 e4 28. Kg2 Bf6 29. Ng1 Kg7 30. f3 exf3+ 31. Rxf3 hxg3 32. hxg3 Rc8 33. Bb2 Nc3 34. Bxc3 Rxc3 35. Ref1 Bg5 36. e4 Rc4 37. Nh3 Bh6 38. Rd1 Kg8 39. Qd3 Rxa4 40. Nf2 Bg7 41. d5 Qe8 42. Qb3 Rd4 43. Rxd4 Bxd4 44. Qc4 Bg7 45. Nd3 Rd8 46. Nb4 Qd7 47. Nc6 Re8 48. Re3 Be5 49. Qa2 Qg4 50. Qe2 Qd7 51. Ra3 Ra8 52. Qf3 Qd6 53. Ra2 Kg7 54. Qa3 Qf6 55. Qe7 Qxe7 56. Nxe7 Re8 57. Nc6 Bd6 58. e5 Bxe5 59. Re2 Kf6 60. d6 Re6 61. d7 Bc7 62. Rf2+ Kg7 63. Ra2 Re3 64. d8=Q Bxd8 65. Nxd8 1/2-1/2

[Event "FRA Ch Top 16 GpA"]
[Site "?"]
[Date "2005.04.03"]
[Round "7"]
[White "Motwani Paul"]
[Black "Apicella Manuel"]
[Result "1/2-1/2"]
[WhiteElo "2543"]
[BlackElo "2543"]
[PlyCount "86"]
[EventDate "2005.??.??"]
[Source "www.chesslib.no"]
[SourceDate "2004.05.04"]

1. c4 Nf6 2. Nc3 g6 3. e4 d6 4. g3 Bg7 5. Bg2 O-O 6. Nge2 e5 7. O-O Be6 8. d3 Qd7 9. f4 Bh3 10. f5 Bxg2 11. Kxg2 Nc6 12. h3 gxf5 13. Rxf5 Ne7 14. Rf2 Kh8 15. g4 b5 16. Ng3 b4 17. Nce2 c6 18. Bg5 Nfg8 19. Nh5 f6 20. Bd2 a5 21. Neg3 d5 22. Qc2 Rad8 23. Raf1 dxc4 24. dxc4 Qd4 25. Qc1 Ng6 26. Nxg7 Nh4+ 27. Kh1 Kxg7 28. Be3 Qd6 29. Bh6+ Nxh6 30. Nh5+ Kg6 31. Rxf6+ Rxf6 32. Rxf6+ Qxf6 33. Nxf6 Nf7 34. Qe1 Nf3 35. Qe3 N7g5 36. Nd5 Rd7 37. Qb6 Nd4 38. Ne3 Nxe4 39. Qxa5 Nf3 40. Kg2 Nh4+ 41. Kf1 Rd2 42. Nf5 Nf3 43. Qa7 Nh2+ 1/2-1/2

[Event "Calcutta"]
[Site "Calcutta"]
[Date "1998.??.??"]
[Round "1"]
[White "Adianto, Utut"]
[Black "Sashikiran, Krishnan"]
[Result "1/2-1/2"]
[WhiteElo "2615"]
[BlackElo "2470"]
[PlyCount "114"]
[EventDate "1998.??.??"]
[Source "www.chesslib.no"]
[SourceDate "2004.05.04"]

1. Nf3 Nf6 2. g3 g6 3. Bg2 Bg7 4. O-O O-O 5. c4 d6 6. Nc3 e5 7. d3 Re8 8. Bg5 Nbd7 9. b4 h6 10. Bxf6 Nxf6 11. Nd2 a6 12. Rb1 c6 13. a4 d5 14. a5 Bf5 15. cxd5 cxd5 16. Nb3 e4 17. Nc5 Qe7 18. Qb3 Rad8 19. Rbd1 h5 20. dxe4 dxe4 21. e3 Bf8 22. Rxd8 Rxd8 23. Rd1 Rxd1+ 24. Qxd1 Qc7 25. Qd4 Bg7 26. Nd5 Nxd5 27. Qxd5 b6 28. axb6 Qxb6 29. Bxe4 Bxe4 30. Nxe4 Bf8 31. Qe5 Qe6 32. Nf6+ Kh8 33. Qd4 Qd6 34. Nd5+ Kh7 35. e4 Bg7 36. Qc4 Qe6 37. Qd3 Qc6 38. Kg2 Qd6 39. f3 Qc6 40. h4 Qa4 41. Qd2 Qa1 42. f4 Bd4 43. Ne3 Bxe3 44. Qxe3 Qb2+ 45. Kh3 Qxb4 46. g4 hxg4+ 47. Kxg4 Qb1 48. Kg5 Qb2 49. Qf3 Kg7 50. h5 Qb5+ 51. e5 f6+ 52. Kh4 fxe5 53. Qe4 Qb6 54. fxe5 Qf2+ 55. Kh3 Qf1+ 56. Kh2 Qf2+ 57. Kh3 Qf1+ 1/2-1/2

[Event "Festival des Jeux"]
[Site "Cannes FRA"]
[Date "2008.02.13"]
[Round "4"]
[White "Felgaer, R."]
[Black "Apicella, M."]
[Result "1-0"]
[WhiteElo "2539"]
[BlackElo "2544"]
[PlyCount "93"]
[EventDate "2008.02.11"]
[Source "www.chesslib.no"]
[SourceDate "2004.05.04"]

1. c4 Nf6 2. Nc3 g6 3. e4 d6 4. g3 Bg7 5. Bg2 O-O 6. Nge2 e5 7. O-O Be6 8. b3 Qd7 9. d4 exd4 10. Nxd4 Bh3 11. f3 Bxg2 12. Kxg2 Nc6 13. Nde2 Rae8 14. Bg5 Qc8 15. Qd2 Nd7 16. Rae1 Nc5 17. Nd5 f6 18. Be3 Ne5 19. Nd4 Ncd3 20. Rd1 c6 21. Nf4 Nc5 22. Nc2 Rd8 23. Qf2 b6 24. Nd4 Rfe8 25. Qc2 a5 26. a3 Kh8 27. Rfe1 Re7 28. Re2 Rde8 29. b4 axb4 30. axb4 Na6 31. b5 Nb4 32. Qb3 c5 33. Nc2 Nxf3 34. Kxf3 Rxe4 35. Nxb4 cxb4 36. Rd4 f5 37. Rxe4 Rxe4 38. Bxb6 Rxc4 39. Re8+ Qxe8 40. Qxc4 g5 41. Nd5 b3 42. Qxb3 Qe1 43. Kg2 Qd2+ 44. Bf2 Bd4 45. Ne3 f4 46. gxf4 gxf4 47. Qd1 1-0

[Event "Julian Borowski GM"]
[Site "Essen"]
[Date "1999.04.01"]
[Round "5"]
[White "Podzielny, Karl Heinz"]
[Black "Christiansen, Larry Mark"]
[Result "0-1"]
[WhiteElo "2499"]
[BlackElo "2581"]
[PlyCount "86"]
[EventDate "1999.03.??"]
[Source "ChessBase"]
[SourceDate "1999.08.01"]

1. g3 g6 2. Bg2 Bg7 3. Nf3 e5 4. O-O d6 5. c4 Nf6 6. Nc3 O-O 7. d3 Re8 8. Rb1 a5 9. a3 c6 10. Bg5 Nbd7 11. Ne1 h6 12. Bd2 Nf8 13. Nc2 d5 14. cxd5 cxd5 15. d4 e4 16. Bf4 g5 17. Be5 Ng6 18. Bxf6 Bxf6 19. f3 exf3 20. Bxf3 Ne7 21. Bh5 Ra6 22. Qd3 Rf8 23. b4 Bg7 24. bxa5 Qxa5 25. Rb5 Qc7 26. Rb3 Be6 27. Ne3 Rb6 28. Rfb1 Rxb3 29. Rxb3 Nc6 30. Nc2 Rc8 31. Nb5 Qd7 32. Ne3 Na5 33. Rb1 Nc4 34. Bf3 Nxe3 35. Qxe3 Rc4 36. Qb3 g4 37. Bg2 h5 38. Qe3 Bf5 39. Rb3 Bg6 40. Qf4 Bc2 41. Rb2 Ba4 42. Qg5 Bxb5 43. Bxd5 Bc6 0-1

[Event "New York Open"]
[Site "New York, NY USA"]
[Date "1990.??.??"]
[Round "5"]
[White "Kamsky, Gata"]
[Black "Fedorowicz, John P"]
[Result "1/2-1/2"]
[WhiteElo "2510"]
[BlackElo "2560"]
[PlyCount "73"]
[EventDate "1990.04.??"]
[Source "www.chesslib.no"]
[SourceDate "2004.05.04"]

1. Nf3 Nf6 2. c4 g6 3. Nc3 Bg7 4. g3 O-O 5. Bg2 d6 6. O-O e5 7. d3 h6 8. Rb1 Be6 9. b4 Qc8 10. Ba3 Bh3 11. c5 Bxg2 12. Kxg2 Qe6 13. cxd6 cxd6 14. Qb3 Qxb3 15. axb3 Nbd7 16. Nb5 d5 17. Bb2 a6 18. Nd6 d4 19. Rfc1 Nd5 20. Nxb7 Rfb8 21. Nc5 Nf8 22. Ra1 Nxb4 23. Nd2 Bf6 24. h4 Be7 25. Ra5 Rb5 26. Rxb5 axb5 27. Nce4 f5 28. Rc7 Nd5 29. Rb7 fxe4 30. dxe4 Bb4 31. Nf3 Nc3 32. Nxe5 Nxe2 33. Nd3 Bc3 34. Kf3 Bxb2 35. Kxe2 Bc3 36. Rxb5 Nd7 37. e5 1/2-1/2

[Event "6th Dubai Open"]
[Site "Dubai"]
[Date "2004.04.20"]
[Round "2.9"]
[White "Miroshnichenko, Evgenij"]
[Black "Mamedov, Nidjat"]
[Result "1-0"]
[WhiteElo "2599"]
[BlackElo "2463"]
[PlyCount "39"]
[EventDate "2004.04.19"]
[Source "Roberto Alvarez"]
[SourceDate "2004.05.03"]

1. Nf3 Nf6 2. c4 g6 3. Nc3 Bg7 4. g3 O-O 5. Bg2 d6 6. O-O e5 7. d3 h6 8. Rb1 a5 9. a3 Re8 10. Qc2 Be6 11. b4 axb4 12. axb4 Nbd7 13. Nd2 c6 14. Nde4 d5 15. Nd6 Rf8 16. Nxb7 Qc7 17. Na5 Nb6 18. Na4 dxc4 19. Nxb6 cxd3 20. Qxc6 1-0